000 00432nam a22001337a 4500
999 _c7393
_d7393
008 170905b xxu||||| |||| 00| 0 eng d
022 _a0732-8435
082 _2Apr - Sept 2016, v86 n4-9
_aDPer 657.05
_bC33
245 _aThe CPA journal.
260 _aNew York:
_bThe New York State Society of CPA,
_c2016.
300 _a1[various paging]:
_bcolor illustrations;
_c28 cm.
650 0 _922455
_aAccounting
_vPeriodicals
942 _2ddc
_cPER